| 000 | 00619cam a2200229 4500 | ||
|---|---|---|---|
| 008 | 090401t1989 xxu||||| |||| 00| 0 eng d | ||
| 020 | _a0117522554 | ||
| 035 | _a(Sirsi) u40191 | ||
| 041 | _aeng | ||
| 050 | _a711.309421 | ||
| 110 |
_aUnited Kingdom _bDepartment of the Environment _9982 |
||
| 245 | _aRegional planning guidance : strategic guidance for London | ||
| 260 |
_aLondon _bHMSO _c1989 |
||
| 300 | _a(18)p. : ill.,maps ; 30cm. | ||
| 350 | _a3.25 | ||
| 490 |
_aRPG _v3 |
||
| 650 | _aREGIONAL PLANNING | ||
| 650 | _aRPG3 | ||
| 650 | _aUNITARY DEVELOPMENT PLANS | ||
| 942 | _n0 | ||
| 948 | _c04/03/1997 | ||
| 999 |
_c90848 _d90848 |
||